000 01013nam a2200229Ia 4500
001 L530-26019
003 IT-CnALBA
008 170116s9999||||xx |||||||||||||| ||und||
040 _aIT-CnALBA
_cIT-CnALBA
041 _aITALIANO
100 _aPINTO LUIGI, DOTT.
245 0 _aTRATTATO ELEMENTARE DI FISICA.
250 _a4a ed.
260 _aNAPOLI
_bMORANO ANTONIO EDITORE
_c1881 [1° Ed.: n.d.]
300 _a700 p.
500 _aBIBLIOTECA CANONICO CHIESA. PROPRIETÀ DEI CORPI. MECCANICA E GRAVITA'. MECCANICA DEI FLUIDI. ACUSTICA. OTTICA. CALORE. ELETTRICITA' E MAGNETISMO. DISEGNI NEL TESTO, IN BIANCO E NERO.
501 _aSocietà San Paolo EM - Piazza San Paolo, 14 - 12051 ALBA (CN) (non commercial uses only) ® Copyright 2017
520 _aBIBLIOTECA CANONICO CHIESA. PROPRIETÀ DEI CORPI. MECCANICA E GRAVITA'. MECCANICA DEI FLUIDI. ACUSTICA. OTTICA. CALORE. ELETTRICITA' E MAGNETISMO. DISEGNI NEL TESTO, IN BIANCO E NERO.
650 _aFISICA
942 _cBK
957 _71
999 _a30806
_bSI
_g Copie: 1
_c285132
_d285132